000
00293nam a22001337a 4500
008
170227b xxu||||| |||| 00| 0 eng d
020
_a
9780471586500
041
_a
eng
080
_a
577
100
_a
5
101
_a
SHMB
245
_a
FUNDAMENTALS OF BIOCHEMISTRY
_c
VOET, D
942
_2
udc
_c
BK
999
_c
6375
_d
6375